| 000 | 01224nam0a22003371 4500 | ||
|---|---|---|---|
| 001 | RU\INFOCOMM_322\NLR\5000167137 | ||
| 005 | 20250614080056.0 | ||
| 035 | _a(NLR Aleph) 010592406 | ||
| 090 |
_a10507300 _c10507300 |
||
| 100 | _a20130210d1967 |||y0rusy50 ca | ||
| 101 | 0 | _afre | |
| 102 | _aRU | ||
| 105 | _ay z|||| | ||
| 200 | 1 |
_aLes auteurs arabes sur les luttes de libération nationale des rifains _fN. Loutskaya _gII Congrès international des africanistes |
|
| 210 |
_aM. _d1967 |
||
| 215 |
_a16 с. _d21 см |
||
| 225 | 1 | _aCommunications de la délégation de l'URSS | |
| 309 | _aОтпеч. множит. аппаратом | ||
| 320 | _aБиблиогр. в примеч.: с. 15-16 | ||
| 607 |
_aРифская республика _z1921-1926 _2nlr_sh1 |
||
| 620 | _aМосква | ||
| 686 |
_aИ7-545 _2rubbk |
||
| 686 |
_a[Т3(6Мар.)61-451] _2rubbk |
||
| 700 | 1 |
_9z01790 _aLuckaja _bN. S. _f1916- _gNatal'ja Sergeevna |
|
| 712 | 1 | 2 |
_aCongrès international des africanistes _bDélégation de l'URSS _d2 _eDakar _f1967 _4570 |
| 790 | 1 |
_9z01700 _aLoutskaya _bN. _4070 |
|
| 801 | 1 |
_aRU _bInfocomm _c20130210 |
|
| 801 | 0 |
_aRU _bINFOCOMM _gPSBO |
|
| 852 |
_aNLR _jИ87 Д-4/44 |
||
| 942 | _cBOOK | ||
| 980 | _aNB | ||